Absage an Antijudaismus: Rheinische Kirche bekennt Gemeinsamkeit mit Israel
| Main Author: | |
|---|---|
| Format: | Print Article |
| Language: | German |
| Check availability: | HBZ Gateway |
| Interlibrary Loan: | Interlibrary Loan for the Fachinformationsdienste (Specialized Information Services in Germany) |
| Published: |
1996
|
| In: |
Evangelische Kommentare
Year: 1996, Volume: 29, Issue: 2, Pages: 68 |
| RelBib Classification: | BH Judaism CC Christianity and Non-Christian religion; Inter-religious relations |
MARC
| LEADER | 00000caa a2200000 c 4500 | ||
|---|---|---|---|
| 001 | 1635529115 | ||
| 003 | DE-627 | ||
| 005 | 20220608105115.0 | ||
| 007 | tu | ||
| 008 | 160405s1996 xx ||||| 00| ||ger c | ||
| 035 | |a (DE-627)1635529115 | ||
| 035 | |a (DE-576)464027276 | ||
| 035 | |a (DE-599)BSZ464027276 | ||
| 040 | |a DE-627 |b ger |c DE-627 |e rakwb | ||
| 041 | |a ger | ||
| 084 | |a 1 |2 ssgn | ||
| 100 | 1 | |0 (DE-588)117471461 |0 (DE-627)078893097 |0 (DE-576)165038454 |4 aut |a Seim, Jürgen |d 1932-2022 | |
| 109 | |a Seim, Jürgen 1932-2022 | ||
| 245 | 1 | 0 | |a Absage an Antijudaismus |b Rheinische Kirche bekennt Gemeinsamkeit mit Israel |
| 264 | 1 | |c 1996 | |
| 336 | |a Text |b txt |2 rdacontent | ||
| 337 | |a ohne Hilfsmittel zu benutzen |b n |2 rdamedia | ||
| 338 | |a Band |b nc |2 rdacarrier | ||
| 601 | |a Antijudaismus | ||
| 601 | |a Gemeinsamkeit | ||
| 652 | |a BH:CC | ||
| 773 | 0 | 8 | |i In |t Evangelische Kommentare |d Stuttgart : Kreuz-Verl., 1968 |g 29(1996), 2, Seite 68 |w (DE-627)129080012 |w (DE-600)3244-X |w (DE-576)014412705 |x 0300-4236 |7 nnas |
| 773 | 1 | 8 | |g volume:29 |g year:1996 |g number:2 |g pages:68 |
| 935 | |a mteo | ||
| 951 | |a AR | ||
| ELC | |b 1 | ||
| ITA | |a 1 |t 1 | ||
| LOK | |0 000 xxxxxcx a22 zn 4500 | ||
| LOK | |0 001 3291912306 | ||
| LOK | |0 003 DE-627 | ||
| LOK | |0 004 1635529115 | ||
| LOK | |0 005 20160405105752 | ||
| LOK | |0 008 160404||||||||||||||||ger||||||| | ||
| LOK | |0 040 |a DE-Tue135 |c DE-627 |d DE-Tue135 | ||
| LOK | |0 092 |o n | ||
| LOK | |0 852 |a DE-Tue135 | ||
| LOK | |0 852 1 |9 00 | ||
| LOK | |0 935 |a ixzs |a ixmi | ||
| LOK | |0 936ln |0 1442043806 |a CC | ||
| LOK | |0 936ln |0 1442043520 |a BH | ||
| LOK | |0 939 |a 04-04-16 |b l01 | ||
| ORI | |a SA-MARC-ixtheoa001.raw | ||
| REL | |a 1 | ||
| SUB | |a REL | ||



